[Event "Madrid-ch U10"]
[Site "Madrid"]
[Date "2021.04.17"]
[Round "1"]
[White "Palomo Monserrat, Lorenzo"]
[Black "Morales Clares, Aaron"]
[Result "1-0"]
[WhiteElo "1346"]
[BlackElo "1036"]
[PlyCount "71"]
[EventDate "2021.04.17"]
[EventType "swiss"]
[EventRounds "5"]
[EventCountry "ESP"]
[SourceTitle "EXT 2023"]
[Source "ChessBase"]
[SourceDate "2022.10.05"]
[SourceVersion "1"]
[SourceVersionDate "2022.10.05"]
[SourceQuality "1"]

1. d4 d5 2. Nf3 Nf6 3. e3 Nc6 4. Bd3 Bd7 5. a3 e6 6. 0-0 Bd6 7. Nbd2 0-0 8. b4 a6 9. Bb2 b5 10. Ne5 Be7 11. f4 a5 12. c3 axb4 13. cxb4 Re8 14. g4 Kh8 15. Nxf7+ Kg8 16. Nxd8 Bxd8 17. g5 Nh5 18. Qxh5 g6 19. Qh4 Re7 20. Rf3 Rg7 21. Bxb5 h6 22. Bxc6 Bxc6 23. Qxh6 Be7 24. Rh3 Kf7 25. Nf3 Rag8 26. Ne5+ Kf8 27. Nxc6 Ke8 28. Nxe7 Rxe7 29. a4 Kd7 30. a5 Kc6 31. a6 Kb6 32. a7 Kb7 33. Qxg6 Reg7 34. Qxg7 Rxg7 35. a8Q+ Kb6 36. Qa6# 1-0